<?xml version="1.0" encoding="UTF-8"?><?xml-stylesheet type="text/xsl" href="static/style.xsl"?><OAI-PMH xmlns="http://www.openarchives.org/OAI/2.0/" xmlns:xsi="http://www.w3.org/2001/XMLSchema-instance" xsi:schemaLocation="http://www.openarchives.org/OAI/2.0/ http://www.openarchives.org/OAI/2.0/OAI-PMH.xsd"><responseDate>2026-04-17T07:38:44Z</responseDate><request verb="GetRecord" identifier="oai:www.recercat.cat:2117/179472" metadataPrefix="marc">https://recercat.cat/oai/request</request><GetRecord><record><header><identifier>oai:recercat.cat:2117/179472</identifier><datestamp>2025-07-17T15:08:03Z</datestamp><setSpec>com_2072_1033</setSpec><setSpec>col_2072_452951</setSpec></header><metadata><record xmlns="http://www.loc.gov/MARC21/slim" xmlns:dcterms="http://purl.org/dc/terms/" xmlns:xsi="http://www.w3.org/2001/XMLSchema-instance" xmlns:doc="http://www.lyncode.com/xoai" xsi:schemaLocation="http://www.loc.gov/MARC21/slim http://www.loc.gov/standards/marcxml/schema/MARC21slim.xsd">
   <leader>00925njm 22002777a 4500</leader>
   <datafield ind2=" " ind1=" " tag="042">
      <subfield code="a">dc</subfield>
   </datafield>
   <datafield ind2=" " ind1=" " tag="720">
      <subfield code="a">Torres Dominguez, Nadia</subfield>
      <subfield code="e">author</subfield>
   </datafield>
   <datafield ind2=" " ind1=" " tag="260">
      <subfield code="c">2019-10-23</subfield>
   </datafield>
   <datafield ind2=" " ind1=" " tag="520">
      <subfield code="a">Uno de los principales problemas que presenta la industria textil es la coloración de las aguas residuales provenientes de las empresas de tintura por lo que en este proyecto se determina el tratamiento químico óptimo para que el bioadsorbente final obtenido mediante cáscara de naranja ofrezca el máximo rendimiento posible en cuanto a la eliminación de colorantes dispersos de efluentes de la industria tintorera textil. Con este objetivo, se estudia la incorporación de calcio, la extracción de materia orgánica de la cáscara de naranja y la eliminación de azúcares reductores mediante la realización de diferentes tratamientos químicos. Para ello se ha modificado la granulometría inicial de la cáscara de naranja, se ha estudiado la influencia de la adición de peróxido de hidrogeno y la cantidad de hidróxido de calcio añadida en el proceso de saponificación y entrecruzamiento. Posteriormente, se estudia la eficacia del bioadsorbente como intercambiador iónico con disoluciones sintéticas de Cu(II), así como la eficacia de adsorción superficial con el colorante disperso C.I. Disperse Blue 56 realizando distintos tratamientos químicos al bioadsorbente. Se estudia la adsorción de colorante disperso a pHs de 4, 6 y 10 unidades tanto con bioadsorbente inicial (cáscara de naranja sin tratamiento químico) como con bioadsorbente final (cáscara de naranja sometida a tratamiento químico). Finalmente, se realiza un estudio del comportamiento del colorante cuando éste interactúa con el bioadsorbente inicial a pH inferior a 4.</subfield>
   </datafield>
   <datafield tag="653" ind2=" " ind1=" ">
      <subfield code="a">Àrees temàtiques de la UPC::Enginyeria tèxtil</subfield>
   </datafield>
   <datafield tag="653" ind2=" " ind1=" ">
      <subfield code="a">Àrees temàtiques de la UPC::Enginyeria química::Indústries químiques::Colorants, pintures i vernissos</subfield>
   </datafield>
   <datafield tag="653" ind2=" " ind1=" ">
      <subfield code="a">Sewage</subfield>
   </datafield>
   <datafield tag="653" ind2=" " ind1=" ">
      <subfield code="a">Coloring matter</subfield>
   </datafield>
   <datafield tag="653" ind2=" " ind1=" ">
      <subfield code="a">Adsorption</subfield>
   </datafield>
   <datafield tag="653" ind2=" " ind1=" ">
      <subfield code="a">Oranges</subfield>
   </datafield>
   <datafield tag="653" ind2=" " ind1=" ">
      <subfield code="a">Bioadsorbente</subfield>
   </datafield>
   <datafield tag="653" ind2=" " ind1=" ">
      <subfield code="a">Cáscara de naranja</subfield>
   </datafield>
   <datafield tag="653" ind2=" " ind1=" ">
      <subfield code="a">Colorantes dispersos</subfield>
   </datafield>
   <datafield tag="653" ind2=" " ind1=" ">
      <subfield code="a">Aigües residuals</subfield>
   </datafield>
   <datafield tag="653" ind2=" " ind1=" ">
      <subfield code="a">Colorants -- Química</subfield>
   </datafield>
   <datafield tag="653" ind2=" " ind1=" ">
      <subfield code="a">Adsorció</subfield>
   </datafield>
   <datafield tag="653" ind2=" " ind1=" ">
      <subfield code="a">Taronges</subfield>
   </datafield>
   <datafield ind2="0" ind1="0" tag="245">
      <subfield code="a">Estudio y determinación de las condiciones óptimas para la recuperación de colorantes dispersos mediante bioadsorbentes</subfield>
   </datafield>
</record></metadata></record></GetRecord></OAI-PMH>